Academic mobility as a way of cross-cultural interaction; Коммуникативные аспекты языка и культуры; Ч. 3
| Parent link: | Коммуникативные аспекты языка и культуры: сборник материалов XV Международной научно-практической конференции студентов и молодых ученых, г. Томск, 19-21 мая 2015 г./ Национальный исследовательский Томский политехнический университет (ТПУ) ; ред. кол. С. А. Песоцкая ; О. А. Казакова ; О. В. Седельникова.— , 2015 Ч. 3.— 2015.— [С. 190-195] |
|---|---|
| Egile nagusia: | |
| Erakunde egilea: | |
| Beste egile batzuk: | |
| Gaia: | Заглавие с титульного экрана The article discusses the problem of academic mobility in perspective of personal and international profit. The modern trends and prospects of its development being analyzed, economic side of a question was considered. Based on students' experience, situation with academic mobility in TPU was analyzed. В статье рассмотрены проблемы академической мобильности, как касающиеся каждого студента лично, так и те, что существуют в глобальном международном плане. Исследованы современные тенденции и перспективы развития процесса, экономическая сторона вопроса. На основе личного опыта студентов - участников программ академической мобильности проанализировано состояние академической мобильности в Томском политехническом университете. |
| Hizkuntza: | ingelesa |
| Argitaratua: |
2015
|
| Saila: | Доклады студентов нелингвистических специальностей на круглых столах Проблемы межкультурного взаимодействия и диалога культур |
| Gaiak: | |
| Sarrera elektronikoa: | http://earchive.tpu.ru/handle/11683/18430 http://www.lib.tpu.ru/fulltext/c/2015/C77/V3/059.pdf |
| Formatua: | MixedMaterials Baliabide elektronikoa Liburu kapitulua |
| KOHA link: | https://koha.lib.tpu.ru/cgi-bin/koha/opac-detail.pl?biblionumber=616491 |
MARC
| LEADER | 00000naa2a2200000 4500 | ||
|---|---|---|---|
| 001 | 616491 | ||
| 005 | 20231101132918.0 | ||
| 035 | |a (RuTPU)RU\TPU\conf\14729 | ||
| 035 | |a RU\TPU\conf\14728 | ||
| 090 | |a 616491 | ||
| 100 | |a 20151229d2015 k y0rusy50 ba | ||
| 101 | 0 | |a eng |d rus | |
| 102 | |a RU | ||
| 105 | |a y z 101zy | ||
| 135 | |a drcn ---uucaa | ||
| 181 | 0 | |a i | |
| 182 | 0 | |a b | |
| 200 | 1 | |a Academic mobility as a way of cross-cultural interaction |d Академическая мобильность как способ межкультурного взаимодействия |f M. V. Vinidiktova |g sci. ad. A. B. Strelnikova | |
| 203 | |a Текст |c электронный | ||
| 225 | 1 | |a Доклады студентов нелингвистических специальностей на круглых столах | |
| 225 | 1 | |a Проблемы межкультурного взаимодействия и диалога культур | |
| 230 | |a 1 компьютерный файл (pdf; 173 Кb) | ||
| 300 | |a Заглавие с титульного экрана | ||
| 330 | |a The article discusses the problem of academic mobility in perspective of personal and international profit. The modern trends and prospects of its development being analyzed, economic side of a question was considered. Based on students' experience, situation with academic mobility in TPU was analyzed. | ||
| 330 | |a В статье рассмотрены проблемы академической мобильности, как касающиеся каждого студента лично, так и те, что существуют в глобальном международном плане. Исследованы современные тенденции и перспективы развития процесса, экономическая сторона вопроса. На основе личного опыта студентов - участников программ академической мобильности проанализировано состояние академической мобильности в Томском политехническом университете. | ||
| 337 | |a Adobe Reader | ||
| 461 | 1 | |0 (RuTPU)RU\TPU\conf\14267 |t Коммуникативные аспекты языка и культуры |o сборник материалов XV Международной научно-практической конференции студентов и молодых ученых, г. Томск, 19-21 мая 2015 г. |o в 3 ч. |f Национальный исследовательский Томский политехнический университет (ТПУ) ; ред. кол. С. А. Песоцкая ; О. А. Казакова ; О. В. Седельникова |d 2015 | |
| 463 | 0 | |0 (RuTPU)RU\TPU\conf\14270 |t Ч. 3 |v [С. 190-195] |d 2015 | |
| 510 | 1 | |a Академическая мобильность как способ межкультурного взаимодействия |z rus | |
| 610 | 1 | |a труды учёных ТПУ | |
| 610 | 1 | |a электронный ресурс | |
| 610 | 1 | |a академическая мобильность | |
| 610 | 1 | |a ТПУ | |
| 610 | 1 | |a студенты | |
| 610 | 1 | |a университеты | |
| 610 | 1 | |a образование | |
| 610 | 1 | |a глобализация | |
| 700 | 1 | |a Vinidiktova |b M. V. | |
| 702 | 1 | |a Strelnikova |b A. B. |c linguist |c Associate Professor of Tomsk Polytechnic University, Candidate of philological sciences |f 1981- |g Anna Borisovna |2 stltpush |4 727 | |
| 712 | 0 | 2 | |a Национальный исследовательский Томский политехнический университет (ТПУ) |b Институт природных ресурсов (ИПР) |b Кафедра иностранных языков (ИЯПР) |h 6735 |2 stltpush |3 (RuTPU)RU\TPU\col\18662 |
| 801 | 2 | |a RU |b 63413507 |c 20210216 |g RCR | |
| 856 | 4 | |u http://earchive.tpu.ru/handle/11683/18430 | |
| 856 | 4 | |u http://www.lib.tpu.ru/fulltext/c/2015/C77/V3/059.pdf | |
| 942 | |c BK | ||